Algunos problemas fundamentales del contrato por adhesión en el Derecho privado / (Record no. 87658)
[ view plain ]
| 000 -LEADER | |
|---|---|
| campo de control de longitud fija | 00728nam a2200193 i 4500 |
| 001 - NÚMERO DE CONTROL | |
| campo de control | 87658 |
| 003 - IDENTIFICADOR DE NÚMERO DE CONTROL | |
| campo de control | ES-MaACL |
| 005 - FECHA Y HORA DE LA ÚLTIMA TRANSACCIÓN | |
| campo de control | 20250809064003.0 |
| 007 - CAMPO FIJO DE DESCRIPCIÓN FÍSICA--INFORMACIÓN GENERAL | |
| campo de control de longitud fija | t| |
| 008 - DATOS DE LONGITUD FIJA--INFORMACIÓN GENERAL | |
| campo de control de longitud fija | 041222s1956 ve ||||1| spa d |
| 100 1# - ENTRADA PRINCIPAL--NOMBRE DE PERSONA | |
| Nombre de persona | Kummerow, Gert. |
| 9 (RLIN) | 69019 |
| 245 10 - MENCIÓN DEL TÍTULO | |
| Título | Algunos problemas fundamentales del contrato por adhesión en el Derecho privado / |
| Mención de responsabilidad, etc. | [tesis presentada] Gert Kummerow. |
| 260 ## - PUBLICACIÓN, DISTRIBUCIÓN, ETC. | |
| Lugar de publicación, distribución, etc. | Caracas : |
| Nombre del editor, distribuidor, etc. | Universidad Central de Venezuela, |
| Fecha de publicación, distribución, etc. | 1956 ( |
| Fabricante | Sucre) |
| 300 ## - DESCRIPCIÓN FÍSICA | |
| Extensión | 245 p. ; |
| Dimensiones | 23 cm. |
| 490 1# - MENCIÓN DE SERIE | |
| Mención de serie | Publicaciones de la Facultad de Derecho ; |
| Designación de volumen o secuencia | 16 |
| 830 00 - PUNTO DE ACCESO ADICIONAL DE SERIE-TÍTULO UNIFORME | |
| Título uniforme | Publicaciones de la Facultad de Derecho de la Universidad de los Andes |
| Designación de volumen o secuencia | 16 |
| 9 (RLIN) | 218483 |
| 852 ## - LOCALIZACIÓN | |
| Ubicación | ES-MaACL |
| Número de control de estantería | C-12237 |
| Sublocalización o colección | R.40082 |
| Estatus retirado | Estado de pérdida | Estado de daño | No para préstamo | Biblioteca de origen | Biblioteca actual | Ubicación en estantería | Fecha de adquisición | Fuente de adquisición | Total de préstamos | Signatura topográfica completa | Código de barras | Visto por última vez | Precio de reemplazo | Tipo de ítem Koha |
|---|---|---|---|---|---|---|---|---|---|---|---|---|---|---|
| Biblioteca del Ateneo de Madrid | Biblioteca del Ateneo de Madrid | Sala Palomar | 17/01/2008 | C-12237 | 1091576 | 23/02/2023 | 23/02/2023 | Libro impreso |
